000 00694nam a2200229 i 4500
001 C2-0279840
003 PPAK
005 20180728010946.0
008 070515s1964 ts |||| ||||| | ara d
040 _aPPAK
_beng
_cPPAK
_erda
082 0 4 _a297.3
_223
090 0 0 _a297.3
_bMUH
_dKMN
100 0 _aMuhammad Mahmud al-Sawaaf,
_eauthor
245 1 0 _aZaujat al-Nabi al-Tahirat wa Hikmatu Ta'arud hina
_bKebersihan Isteri Nabi dan Hikmah Keadaan di sini
264 1 _aUman :
_bMatbaah Hurriyah ,
_c1964
300 _a95 pages ;
_c17 cm
336 _2rdacontent
_atext
337 _2rdamedia
_aunmediated
338 _2rdacarrier
_avolume
500 _aTeks dalam bahasa Arab
942 _ddc
_cB
999 _c86450
_d86450